[Event "XVI European Club Cup femminile"]
[Site "Rogaska Slatina SLO"]
[Date "2011.09.25"]
[Round "1.1"]
[White "Danielian, Elina"]
[Black "Fierro Baquero, Martha Lorena"]
[Result "1-0"]
[WhiteElo "2517"]
[BlackElo "2378"]
[PlyCount "69"]
[EventDate "2011.09.25"]

1. d4 g6 2. e4 Bg7 3. c3 d6 4. Nf3 Nf6 5. Bd3 O-O 6. O-O Nc6 7. Bg5 h6 8. Bh4
e5 9. dxe5 dxe5 10. Qc2 Qe8 11. Re1 Nh5 12. Nbd2 Bg4 13. h3 Be6 14. Nc4 a5 15.
a4 Kh8 16. Rad1 Nf4 17. Bf1 f6 18. Bg3 Qf7 19. Nfd2 Rfd8 20. f3 Rd7 21. Bf2
Rad8 22. Ne3 Bf8 23. Ndc4 Bc5 24. Rxd7 Rxd7 25. Rd1 Kg7 26. Rxd7 Bxd7 27. Qd2
Be6 28. b3 b6 29. g3 Nh5 30. Ng4 Bxf2+ 31. Kxf2 g5 32. Nge3 Qe7 33. Nd5 Qc5+
34. Qe3 Qf8 35. Nxc7 1-0

[Event "XVI European Club Cup femminile"]
[Site "Rogaska Slatina SLO"]
[Date "2011.09.25"]
[Round "1.2"]
[White "Sedina, Elena"]
[Black "Harika, Dronavalli"]
[Result "0-1"]
[WhiteElo "2337"]
[BlackElo "2505"]
[PlyCount "96"]
[EventDate "2011.09.25"]

1. e4 e5 2. Nc3 Nc6 3. Bc4 Nf6 4. d3 Na5 5. Nge2 Be7 6. O-O O-O 7. Ng3 d6 8. h3
c6 9. a4 Nxc4 10. dxc4 Be6 11. Qe2 Qc7 12. Re1 Rfe8 13. b3 a5 14. Bb2 g6 15.
Qe3 Bf8 16. Rad1 Rad8 17. Rd3 Nd7 18. Kh1 Nc5 19. Rdd1 Bc8 20. Nce2 Ne6 21. Ba3
b6 22. Qc1 Bb7 23. Kg1 Bg7 24. Bb2 d5 25. exd5 cxd5 26. cxd5 Bxd5 27. c4 Bb7
28. Rxd8 Rxd8 29. Qe3 Nf4 30. f3 Nd3 31. Rb1 Nxb2 32. Rxb2 e4 33. Rb1 exf3 34.
gxf3 Bd4 35. Nxd4 Qxg3+ 36. Kf1 Qxh3+ 37. Kg1 Qg3+ 38. Kf1 Bc8 39. Rd1 Bh3+ 40.
Ke2 Qh2+ 41. Ke1 Bd7 42. Qf2 Re8+ 43. Ne2 Qc7 44. Rd4 Bf5 45. Rd2 Qe5 46. Kd1
Qa1+ 47. Nc1 Qc3 48. Qg3 Bc2+ 0-1

[Event "XVI European Club Cup femminile"]
[Site "Rogaska Slatina SLO"]
[Date "2011.09.25"]
[Round "1.4"]
[White "Di Primio, Eugenia"]
[Black "Mkrtchian, Lilit"]
[Result "0-1"]
[WhiteElo "1974"]
[BlackElo "2476"]
[PlyCount "52"]
[EventDate "2011.09.25"]

1. e4 c6 2. d4 d5 3. e5 Bf5 4. Nf3 e6 5. Be2 Nd7 6. O-O Ne7 7. Nh4 c5 8. c3 Rc8
9. Na3 Be4 10. f3 Bg6 11. Bb5 Nc6 12. Nxg6 hxg6 13. Bxc6 bxc6 14. g3 Qb6 15.
Kg2 cxd4 16. cxd4 c5 17. dxc5 Bxc5 18. Re1 Bd4 19. Qa4 Bc5 20. Nc2 Be7 21. Ne3
Qb4 22. Qd1 Nxe5 23. Nxd5 Qxe1 24. Qxe1 Rxh2+ 25. Kxh2 Nxf3+ 26. Kh3 Nxe1 0-1

[Event "XVI European Club Cup femminile"]
[Site "Rogaska Slatina SLO"]
[Date "2011.09.26"]
[Round "2.1"]
[White "Fierro Baquero, Martha Lorena"]
[Black "Bojkovic, Natasa"]
[Result "1-0"]
[WhiteElo "2378"]
[BlackElo "2378"]
[PlyCount "119"]
[EventDate "2011.09.25"]

1. e4 c5 2. Nf3 e6 3. g3 Nc6 4. Bg2 d5 5. exd5 Qxd5 6. O-O Qd8 7. b3 Be7 8. Bb2
Bf6 9. Qc1 Nh6 10. Bxf6 Qxf6 11. Nc3 Qe7 12. Re1 O-O 13. d3 Bd7 14. Qf4 Rac8
15. Nd5 Qd8 16. Ne3 f6 17. Qc4 Na5 18. Qc3 Nf7 19. d4 cxd4 20. Qxd4 Nc6 21. Qd2
Qc7 22. Rad1 Rcd8 23. Qc3 Rc8 24. Nd4 Nb8 25. Qxc7 Rxc7 26. f4 Re8 27. c4 a6
28. Rd2 Bc8 29. Nd5 Rc5 30. Nb6 e5 31. Nxc8 Rcxc8 32. Nf5 g6 33. Nd6 Nxd6 34.
Rxd6 exf4 35. Rxe8+ Rxe8 36. gxf4 b5 37. Rxf6 bxc4 38. Bd5+ Kg7 39. Rf7+ Kh6
40. bxc4 Rd8 41. Kf2 Nd7 42. Ke3 g5 43. Be4 gxf4+ 44. Kxf4 Nf8 45. Rf6+ Ng6+
46. Bxg6 hxg6 47. Ke3 Kg5 48. Rf2 Rd1 49. Ke4 a5 50. Ke5 a4 51. Rg2+ Kh6 52. c5
Re1+ 53. Kd6 Rd1+ 54. Kc7 a3 55. c6 Rb1 56. Rg3 Rb2 57. Rxa3 Rxh2 58. Kc8 g5
59. c7 Rb2 60. Ra8 1-0

[Event "XVI European Club Cup femminile"]
[Site "Rogaska Slatina SLO"]
[Date "2011.09.26"]
[Round "2.2"]
[White "Dembo, Yelena"]
[Black "Sedina, Elena"]
[Result "1-0"]
[WhiteElo "2471"]
[BlackElo "2337"]
[PlyCount "77"]
[EventDate "2011.09.25"]

1. e4 e6 2. d4 d5 3. Nc3 Nf6 4. e5 Nfd7 5. f4 c5 6. Nf3 Nc6 7. Be3 Be7 8. Qd2
O-O 9. Be2 b6 10. Nd1 cxd4 11. Nxd4 Nxd4 12. Bxd4 Nb8 13. O-O Nc6 14. c3 Bd7
15. Be3 b5 16. Nf2 Na5 17. b3 Qc7 18. Ng4 Rfc8 19. Rac1 Nb7 20. Bd4 Nc5 21. Qe3
Ne4 22. Bd3 h5 23. Nf2 Nxf2 24. Rxf2 b4 25. Ba6 Qa5 26. Bxc8 Rxc8 27. cxb4
Rxc1+ 28. Qxc1 Qxb4 29. Rd2 a5 30. Qc3 Qb5 31. a4 Qb7 32. Rc2 h4 33. h3 g6 34.
Kh2 Qa6 35. Qc7 Qd3 36. Qxd7 Qxd4 37. Qxe7 Qxf4+ 38. Kg1 Qxe5 39. Rc8+ 1-0

[Event "XVI European Club Cup femminile"]
[Site "Rogaska Slatina SLO"]
[Date "2011.09.26"]
[Round "2.3"]
[White "Zimina, Olga"]
[Black "Chelushkina, Irina"]
[Result "0-1"]
[WhiteElo "2337"]
[BlackElo "2287"]
[PlyCount "108"]
[EventDate "2011.09.25"]

1. e4 c5 2. Nf3 Nc6 3. Bb5 g6 4. Bxc6 dxc6 5. d3 Bg7 6. h3 b6 7. Nc3 a5 8. Be3
e5 9. Qd2 a4 10. a3 h6 11. Nh2 Nf6 12. O-O Nh5 13. g4 Nf4 14. Bxf4 exf4 15.
Qxf4 h5 16. Kg2 Be6 17. Rae1 g5 18. Qg3 h4 19. Qe3 Be5 20. f4 gxf4 21. Rxf4 Qc7
22. Ref1 Rg8 23. Kh1 b5 24. R4f2 b4 25. Nd1 bxa3 26. bxa3 Bd4 27. Qf4 Qxf4 28.
Rxf4 c4 29. Nf3 Bc5 30. Nc3 cxd3 31. cxd3 Bb3 32. Nb1 Rd8 33. Rf5 Be7 34. d4
Bc2 35. Re1 Rb8 36. Nfd2 Rg6 37. Kg2 Rb2 38. Rf2 Rf6 39. Rfe2 Bd3 40. Nc3 Bxe2
41. Rxe2 Rd6 42. Nf3 Rxe2+ 43. Nxe2 Rd8 44. Nc3 Ra8 45. Ne5 Bxa3 46. Nxc6 Ra6
47. d5 Bc5 48. Nb5 Rb6 49. Nc7+ Kd7 50. Na6 Rxa6 51. Nb8+ Kd6 52. Nxa6 a3 53.
e5+ Kxd5 54. e6 fxe6 0-1

[Event "XVI European Club Cup femminile"]
[Site "Rogaska Slatina SLO"]
[Date "2011.09.26"]
[Round "2.4"]
[White "Drljevic, Ljilja"]
[Black "Di Primio, Eugenia"]
[Result "1/2-1/2"]
[WhiteElo "2256"]
[BlackElo "1974"]
[PlyCount "88"]
[EventDate "2011.09.25"]

1. Nf3 f5 2. b4 Nf6 3. Bb2 e6 4. a3 b6 5. c4 Bb7 6. Nc3 Be7 7. e3 O-O 8. d3 Qe8
9. Qc2 c5 10. bxc5 bxc5 11. Nb5 Qd8 12. Be2 Nc6 13. O-O a6 14. Nc3 Rb8 15. d4
cxd4 16. exd4 Na5 17. c5 Nd5 18. Nxd5 Bxd5 19. Ne5 d6 20. cxd6 Qxd6 21. Bf3
Rfc8 22. Qe2 Nc4 23. Bxd5 exd5 24. Bc1 Nxe5 25. dxe5 Qe6 26. f4 Rc4 27. Kh1
Rbc8 28. Be3 d4 29. Bd2 Qd5 30. Qd3 Qe4 31. Rf3 Rc2 32. Re1 Qxd3 33. Rxd3 R8c4
34. e6 g6 35. g3 Kf8 36. Rb1 Rc6 37. Rb8+ Kg7 38. Rxd4 Rxe6 39. Rd3 Rec6 40.
Rb7 Rc7 41. Rxc7 Rxc7 42. Bc3+ Kf7 43. a4 Ke6 44. a5 Rc4 1/2-1/2

[Event "XVI European Club Cup femminile"]
[Site "Rogaska Slatina SLO"]
[Date "2011.09.27"]
[Round "3.1"]
[White "Hou, Yifan"]
[Black "Fierro Baquero, Martha Lorena"]
[Result "1-0"]
[WhiteElo "2578"]
[BlackElo "2378"]
[PlyCount "103"]
[EventDate "2011.09.25"]

1. e4 d5 2. exd5 Qxd5 3. Nc3 Qa5 4. d4 c6 5. Nf3 Nf6 6. Bc4 Bf5 7. Bd2 e6 8.
Nd5 Qd8 9. Nxf6+ gxf6 10. Bb3 Nd7 11. Qe2 Qc7 12. Nh4 Bg6 13. O-O-O O-O-O 14.
g3 Kb8 15. Ng2 e5 16. Be3 exd4 17. Bxd4 Bc5 18. Rhe1 Bxd4 19. Rxd4 Nc5 20. Red1
Rxd4 21. Rxd4 Rd8 22. Qe3 Rxd4 23. Qxd4 Qe7 24. Ne3 Kc7 25. f4 Nxb3+ 26. axb3
Qe4 27. Qxe4 Bxe4 28. Ng4 Kd6 29. Nxf6 Bf5 30. g4 Ke6 31. g5 Bg6 32. Kd2 h6 33.
h4 h5 34. b4 b6 35. c3 Kf5 36. Ke3 Ke6 37. Kf3 Bc2 38. Ke2 Kf5 39. Ke3 Bd1 40.
Ng8 Ke6 41. Nf6 Kf5 42. Nd7 Bb3 43. Ne5 Bd5 44. c4 Be6 45. b3 c5 46. bxc5 bxc5
47. Nd3 Kg4 48. Nxc5 Bc8 49. Ne4 Kxh4 50. Nd6 Be6 51. f5 Bd7 52. Kf4 1-0

[Event "XVI European Club Cup femminile"]
[Site "Rogaska Slatina SLO"]
[Date "2011.09.27"]
[Round "3.2"]
[White "Sedina, Elena"]
[Black "Muzychuk, Anna"]
[Result "0-1"]
[WhiteElo "2337"]
[BlackElo "2545"]
[PlyCount "112"]
[EventDate "2011.09.25"]

1. e4 c5 2. c3 e5 3. Nf3 Nc6 4. Bc4 Qc7 5. O-O Be7 6. a3 Nf6 7. d3 O-O 8. Nbd2
d6 9. b4 Bg4 10. h3 Bh5 11. Re1 Rad8 12. Qc2 a6 13. b5 Na5 14. bxa6 Nxc4 15.
dxc4 bxa6 16. Nh4 d5 17. cxd5 Nxd5 18. Nf5 Nf4 19. Nc4 Nd3 20. Re3 Nxc1 21.
Nxe7+ Qxe7 22. Rxc1 Qe6 23. Nd2 f6 24. Nf1 Bf7 25. Rd3 Qb3 26. Rxd8 Rxd8 27.
Qxb3 Bxb3 28. f3 a5 29. Kf2 a4 30. Ke3 Bc4 31. Kf2 Rd3 32. Ne3 Rd2+ 33. Kg3 Bb3
34. c4 Kf7 35. Rc3 g6 36. Nd5 Ke6 37. Nc7+ Kd6 38. Ne8+ Ke7 39. Nc7 h5 40. Nd5+
Ke6 41. h4 f5 42. Nc7+ Kd6 43. Ne8+ Kd7 44. Nf6+ Ke6 45. Nd5 Ra2 46. Nc7+ Kd6
47. Nd5 Bc2 48. exf5 gxf5 49. Nf6 Ke6 50. Ne8 f4+ 51. Kh2 e4 52. fxe4 Bxe4 53.
Ng7+ Ke5 54. Nxh5 Rxg2+ 55. Kh3 Rb2 56. Kg4 Bf5+ 0-1

[Event "XVI European Club Cup femminile"]
[Site "Rogaska Slatina SLO"]
[Date "2011.09.27"]
[Round "3.3"]
[White "Socko, Monika"]
[Black "Zimina, Olga"]
[Result "1/2-1/2"]
[WhiteElo "2490"]
[BlackElo "2337"]
[PlyCount "166"]
[EventDate "2011.09.25"]

1. e4 e5 2. Nf3 Nc6 3. Bb5 Nf6 4. O-O Nxe4 5. d4 Nd6 6. Bxc6 dxc6 7. dxe5 Nf5
8. Qxd8+ Kxd8 9. b3 h6 10. h3 a5 11. Bb2 a4 12. Nc3 a3 13. Rad1+ Bd7 14. Ba1
Ke8 15. Ne2 h5 16. Ng5 Be6 17. Nd4 Nxd4 18. Bxd4 Bf5 19. c3 Be7 20. Nf3 Be6 21.
Be3 Ra5 22. c4 Rg8 23. Bd2 Ra8 24. Bg5 f6 25. Be3 Kf7 26. Rfe1 Rad8 27. Kf1 Bb4
28. Bd2 Bc5 29. Bc3 b5 30. cxb5 cxb5 31. Rc1 Rd5 32. Ba5 Rc8 33. b4 Be7 34. Re3
c5 35. Rce1 f5 36. Rxa3 c4 37. Rc3 Rd3 38. Rec1 Rd5 39. h4 f4 40. a3 Bf5 41.
Bb6 Bd3+ 42. Kg1 Rc6 43. Ba7 Ra6 44. Bb8 Ke6 45. Re1 Kf5 46. g3 Be4 47. e6 Rxe6
48. gxf4 Bxf3 49. Rxe6 Rd1+ 50. Kh2 Rh1+ 51. Kg3 Kxe6 52. Re3+ Kf7 53. Rxf3
Rxh4 54. Re3 Rh1 55. Be5 g6 56. Rc3 Rb1 57. f5 g5 58. a4 Bxb4 59. Rc2 Rb3+ 60.
Kg2 c3 61. axb5 Ba5 62. b6 Rxb6 63. Kf3 Rb5 64. Ke4 Rc5 65. f3 Bd8 66. Bd4 Rc8
67. Rxc3 Rxc3 68. Bxc3 Bc7 69. Ke3 Bb6+ 70. Ke2 h4 71. Kf1 h3 72. Be5 Be3 73.
Bc3 Kg8 74. Be5 Kh7 75. Bc3 Kh6 76. Be5 Kh5 77. Bc3 Bb6 78. Be5 Bc5 79. Bc3 Kh6
80. Be5 Kh7 81. Bc3 Kg8 82. Bd2 Be7 83. Kg1 Kf7 1/2-1/2

[Event "XVI European Club Cup femminile"]
[Site "Rogaska Slatina SLO"]
[Date "2011.09.27"]
[Round "3.4"]
[White "Di Primio, Eugenia"]
[Black "Skripchenko, Almira"]
[Result "0-1"]
[WhiteElo "1974"]
[BlackElo "2470"]
[PlyCount "76"]
[EventDate "2011.09.25"]

1. e4 c5 2. Nc3 Nc6 3. g3 g6 4. Bg2 Bg7 5. d3 d6 6. Nge2 Nd4 7. O-O h5 8. h3 e5
9. Nxd4 cxd4 10. Nd5 Be6 11. c4 Qd7 12. Bd2 Nf6 13. Nxf6+ Bxf6 14. h4 O-O-O 15.
Qc1 Kb8 16. Bg5 Be7 17. Bxe7 Qxe7 18. f4 Rhg8 19. Kh2 exf4 20. Qxf4 g5 21. Qf6
Qxf6 22. Rxf6 gxh4 23. gxh4 Rg4 24. Raf1 Rxh4+ 25. Kg3 Rg4+ 26. Kf2 Rdg8 27.
Bf3 Rh4 28. Ke2 Rh2+ 29. Rf2 Rxf2+ 30. Kxf2 h4 31. Rh6 h3 32. b4 Kc7 33. a4 a5
34. b5 Kb6 35. Rh5 f6 36. Rh6 Rf8 37. Rh7 Rf7 38. Rh6 Kc5 0-1

[Event "XVI European Club Cup femminile"]
[Site "Rogaska Slatina SLO"]
[Date "2011.09.29"]
[Round "5.1"]
[White "Johnsen, Sylvia"]
[Black "Fierro Baquero, Martha Lorena"]
[Result "0-1"]
[WhiteElo "2038"]
[BlackElo "2378"]
[PlyCount "86"]
[EventDate "2011.09.25"]

1. c4 g6 2. Nc3 Bg7 3. g3 c5 4. Bg2 Nc6 5. d3 Nf6 6. e4 O-O 7. Nge2 d6 8. O-O
Rb8 9. f4 a6 10. Rb1 Bd7 11. h3 b5 12. g4 e6 13. b3 Ne8 14. f5 Nd4 15. Qe1 b4
16. Nd1 exf5 17. gxf5 gxf5 18. Ng3 Qh4 19. Rf4 Qxg3 20. Qxg3 Ne2+ 21. Kf2 Nxg3
22. Kxg3 Be5 23. Nf2 Ng7 24. Kf3 fxe4+ 25. dxe4 f5 26. Ke2 Ne6 27. Rh4 Bg3 28.
Rh6 Nd4+ 29. Kf1 fxe4 30. Rb2 Nf5 31. Bxe4 Nxh6 32. Bxh6 Bxh3+ 33. Kg1 Bxf2+
34. Rxf2 Rxf2 35. Kxf2 Be6 36. Kg3 a5 37. Bf4 Rd8 38. Bg5 Rd7 39. Bc6 Rc7 40.
Be8 d5 41. Bb5 dxc4 42. bxc4 Bd7 43. Bd8 Rb7 0-1

[Event "XVI European Club Cup femminile"]
[Site "Rogaska Slatina SLO"]
[Date "2011.09.29"]
[Round "5.2"]
[White "Sedina, Elena"]
[Black "Frank-Nielsen, Marie"]
[Result "1-0"]
[WhiteElo "2337"]
[BlackElo "2020"]
[PlyCount "87"]
[EventDate "2011.09.25"]

1. e4 c5 2. Nf3 e6 3. Nc3 Nc6 4. Bb5 d6 5. d4 cxd4 6. Qxd4 Bd7 7. Bxc6 Bxc6 8.
Bg5 Nf6 9. O-O-O Be7 10. Qd3 O-O 11. Nd4 Qa5 12. f4 h6 13. h4 Rfc8 14. Kb1 Kf8
15. Bxf6 Bxf6 16. g4 Bxd4 17. Qxd4 Qc5 18. Qxd6+ Qxd6 19. Rxd6 b5 20. a3 a5 21.
Rd4 Rab8 22. Re1 b4 23. axb4 axb4 24. Na2 b3 25. Nc3 bxc2+ 26. Kxc2 Rb6 27. b4
Ba4+ 28. Kb2 Be8 29. Kb3 Ra8 30. Red1 Ke7 31. e5 Rab8 32. Ra1 Bc6 33. g5 hxg5
34. hxg5 R6b7 35. Ra6 Bf3 36. b5 Bg2 37. Rd1 Bf3 38. Rd2 Kf8 39. Kb4 Rc8 40.
Rd3 Bg2 41. Rad6 Ke7 42. b6 Bc6 43. Na4 Bxa4 44. Kxa4 1-0

[Event "XVI European Club Cup femminile"]
[Site "Rogaska Slatina SLO"]
[Date "2011.09.29"]
[Round "5.3"]
[White "Khachatourian, Yerazik"]
[Black "Zimina, Olga"]
[Result "0-1"]
[WhiteElo "1967"]
[BlackElo "2337"]
[PlyCount "80"]
[EventDate "2011.09.25"]

1. e4 c6 2. d4 d5 3. Nd2 dxe4 4. Nxe4 Bf5 5. Ng3 Bg6 6. h4 h6 7. Nf3 Nd7 8. h5
Bh7 9. Bd3 Bxd3 10. Qxd3 e6 11. Bd2 Qc7 12. O-O-O Ngf6 13. Qe2 Bd6 14. Nf5 Bf4
15. d5 cxd5 16. Nxg7+ Kf8 17. Nxe6+ fxe6 18. Nd4 Bxd2+ 19. Rxd2 Qe5 20. Qd1 Kf7
21. f4 Qd6 22. Re1 Rae8 23. g4 Qxf4 24. Rf1 Qg5 25. Nf3 Qe3 26. Kb1 Ke7 27. Re2
Qb6 28. Nd4 Ne4 29. Rxe4 dxe4 30. Qd2 Ne5 31. Qf2 Nf3 32. c3 Kd8 33. Rd1 Kc8
34. Qc2 Nxd4 35. cxd4+ Kb8 36. Qxe4 Rhf8 37. Rc1 Rc8 38. Qe5+ Ka8 39. Rh1 Qc6
40. Qe1 Qc2+ 0-1

[Event "XVI European Club Cup femminile"]
[Site "Rogaska Slatina SLO"]
[Date "2011.09.29"]
[Round "5.4"]
[White "Di Primio, Eugenia"]
[Black "Reppen, Ellisiv"]
[Result "1-0"]
[WhiteElo "1974"]
[BlackElo "1969"]
[PlyCount "85"]
[EventDate "2011.09.25"]

1. e4 e5 2. Nf3 Nc6 3. Bc4 Bc5 4. O-O Nf6 5. d4 Bxd4 6. Nxd4 Nxd4 7. f4 Nc6 8.
Bxf7+ Kxf7 9. fxe5 Nxe5 10. Qd5+ Kf8 11. Qxe5 d6 12. Qd4 Qe7 13. Bg5 Kf7 14.
Nc3 c6 15. Rad1 Qe5 16. Bxf6 gxf6 17. Qxd6 Qxd6 18. Rxd6 Be6 19. e5 f5 20. Ne4
Rhg8 21. Nc5 Rg6 22. Nxe6 Rxe6 23. Rxf5+ Ke7 24. Rd3 Rg8 25. Rdf3 Rg7 26. Kf2
Reg6 27. g3 Rg4 28. R3f4 Ke6 29. Kf3 R4g5 30. Ke4 h5 31. Rf6+ Ke7 32. c4 Rg4
33. Rh6 Rxf4+ 34. gxf4 Rg2 35. Rh7+ Kf8 36. Kf5 Rxh2 37. Kg6 h4 38. e6 Kg8 39.
f5 Rg2+ 40. Kh6 h3 41. e7 Re2 42. f6 Re6 43. Kg6 1-0

[Event "XVI European Club Cup femminile"]
[Site "Rogaska Slatina SLO"]
[Date "2011.09.30"]
[Round "6.3"]
[White "Zimina, Olga"]
[Black "Kaya, Emel"]
[Result "1-0"]
[WhiteElo "2337"]
[BlackElo "1994"]
[PlyCount "75"]
[EventDate "2011.09.25"]

1. e4 e5 2. Nf3 Nc6 3. Bc4 Nf6 4. d3 Be7 5. O-O O-O 6. Re1 d6 7. a4 Na5 8. Ba2
c5 9. c3 Nc6 10. Na3 Be6 11. Nc4 Rb8 12. h3 Ne8 13. Ne3 Bxa2 14. Rxa2 Nc7 15.
d4 cxd4 16. cxd4 d5 17. exd5 Nb4 18. Ra1 e4 19. Ne5 f6 20. N5c4 f5 21. Qb3
Ncxd5 22. Bd2 Kh8 23. Ne5 Nxe3 24. fxe3 Nd5 25. Rf1 g6 26. Rac1 Kg7 27. a5 Rf6
28. Rc2 g5 29. Qb5 a6 30. Qd7 f4 31. exf4 Nxf4 32. Bxf4 gxf4 33. Qg4+ Kh8 34.
Nd7 Rg6 35. Qxf4 Rc8 36. Qe5+ Rg7 37. Rf7 Bf6 38. Qxf6 1-0

[Event "XVI European Club Cup femminile"]
[Site "Rogaska Slatina SLO"]
[Date "2011.09.30"]
[Round "6.4"]
[White "Sop, Selen"]
[Black "Di Primio, Eugenia"]
[Result "1-0"]
[WhiteElo "1977"]
[BlackElo "1974"]
[PlyCount "123"]
[EventDate "2011.09.25"]

1. e4 e5 2. Nf3 Nc6 3. Bb5 Nge7 4. d4 Nxd4 5. Nxd4 exd4 6. Qxd4 a6 7. Ba4 b5 8.
Bb3 d6 9. c4 Be6 10. Qd3 b4 11. O-O Ng6 12. f4 Be7 13. Nd2 O-O 14. f5 Ne5 15.
Qg3 Bd7 16. Nf3 Bf6 17. Bf4 Qe7 18. Rad1 Bc6 19. Nxe5 Bxe5 20. Bxe5 Qxe5 21.
Qxe5 dxe5 22. c5 Rad8 23. Bd5 Bb5 24. Rfe1 Rd7 25. c6 Rd6 26. Rc1 Rb8 27. Rc5
Kf8 28. Kf2 Ke7 29. g4 h6 30. h4 Rb6 31. Rec1 Rb8 32. Kf3 Rbd8 33. Rh1 Rh8 34.
Rcc1 Rb8 35. Rh2 Rb6 36. Rhc2 Rb8 37. Rc5 Rbd8 38. R5c2 Rb8 39. g5 Rh8 40. Kg4
hxg5 41. hxg5 f6 42. gxf6+ Rxf6 43. Rg2 Rfh6 44. Kf3 Rh3+ 45. Kf2 Rh2 46. Rcg1
Kf6 47. Ke1 Rxg2 48. Rxg2 Rh6 49. Kd2 Bf1 50. Rf2 Bh3 51. Kc2 Bg4 52. Kb3 a5
53. Ka4 Bd1+ 54. Kxa5 b3 55. axb3 Rh3 56. b4 Bb3 57. Bxb3 Rxb3 58. Re2 Rd3 59.
b5 Rd8 60. Kb4 Ke7 61. Kc5 Rd1 62. Rg2 1-0

[Event "XVI European Club Cup femminile"]
[Site "Rogaska Slatina SLO"]
[Date "2011.10.01"]
[Round "7.2"]
[White "Srebrnic, Ana"]
[Black "Sedina, Elena"]
[Result "0-1"]
[WhiteElo "2222"]
[BlackElo "2337"]
[PlyCount "112"]
[EventDate "2011.09.25"]

1. Nf3 d5 2. d4 Nf6 3. c4 c6 4. Nc3 dxc4 5. e3 b5 6. a4 b4 7. Na2 e6 8. Bxc4
Bb7 9. O-O Nbd7 10. Qe2 c5 11. Rd1 Qb6 12. Bd2 a5 13. Nc1 Be7 14. Nb3 O-O 15.
Be1 Rfd8 16. Bb5 cxd4 17. Nfxd4 e5 18. Nf5 Bf8 19. Nd2 Qe6 20. Ng3 Nb6 21. Nf3
h6 22. Rac1 Rxd1 23. Qxd1 Bd5 24. Qe2 Rd8 25. Nd2 Rc8 26. Rxc8 Qxc8 27. e4 Be6
28. Nf3 Nfd7 29. Qd1 f6 30. Bd2 Nc5 31. Be3 Bb3 32. Qd2 Ncxa4 33. Nh4 Qc2 34.
Qd8 Qd1+ 35. Qxd1 Bxd1 36. Ng6 Bc5 37. Bxc5 Nxc5 38. Ne7+ Kf7 39. Nc6 Ba4 40.
Bxa4 Nbxa4 41. Nxa5 Nxb2 42. f3 b3 43. Nf1 Nbd3 44. Nd2 b2 45. Nac4 Ke6 46. Kf1
Nb3 47. Ke2 Nf4+ 48. Kf2 Nxd2 49. Nxd2 Kd7 50. g3 Ne6 51. Ke3 Kc6 52. Kd3 Nd4
53. f4 Nf3 54. Nb1 Nxh2 55. fxe5 fxe5 56. Kc2 Nf1 0-1

[Event "XVI European Club Cup femminile"]
[Site "Rogaska Slatina SLO"]
[Date "2011.10.01"]
[Round "7.3"]
[White "Zimina, Olga"]
[Black "Ankerst, Milka"]
[Result "1-0"]
[WhiteElo "2337"]
[BlackElo "2084"]
[PlyCount "47"]
[EventDate "2011.09.25"]

1. e4 c5 2. Nf3 Nc6 3. Bb5 g6 4. O-O Bg7 5. c3 e5 6. Re1 a6 7. Bf1 Nf6 8. d4 d6
9. Be3 Qe7 10. Nbd2 O-O 11. dxc5 dxc5 12. a4 b6 13. Nc4 Rb8 14. Bg5 b5 15. Ne3
c4 16. axb5 axb5 17. b3 cxb3 18. Qxb3 Qe6 19. Nd5 Nd7 20. Bxb5 Nc5 21. Qc4 Nxe4
22. Rxe4 h6 23. Bxc6 f5 24. Ree1 1-0

[Event "XVI European Club Cup femminile"]
[Site "Rogaska Slatina SLO"]
[Date "2011.10.01"]
[Round "7.4"]
[White "Orehek, Spela"]
[Black "Di Primio, Eugenia"]
[Result "1/2-1/2"]
[WhiteElo "2020"]
[BlackElo "1974"]
[PlyCount "45"]
[EventDate "2011.09.25"]

1. e4 e5 2. Nf3 Nc6 3. Bc4 Bc5 4. c3 Nf6 5. d3 a6 6. Bb3 Ba7 7. O-O d6 8. Nbd2
O-O 9. h3 Ne7 10. Re1 Ng6 11. Nf1 Kh8 12. Ng3 Qe7 13. Bg5 h6 14. Nf5 Bxf5 15.
exf5 hxg5 16. fxg6 fxg6 17. d4 Nh5 18. Nh2 Qf6 19. Ng4 Qf4 20. Bc2 Qf7 21. Bb3
Qf4 22. Bc2 Qf7 23. Bb3 1/2-1/2